Miguel-Angel Houasse, 1680-1730, pintor de la Corte de Felipe V (Record no. 13450)

MARC details
000 -LEADER
campo de control de longitud fija 00743nam a2200205 i 4500
001 - NÚMERO DE CONTROL
campo de control 13450
003 - IDENTIFICADOR DE NÚMERO DE CONTROL
campo de control ES-MaACL
005 - FECHA Y HORA DE LA ÚLTIMA TRANSACCIÓN
campo de control 20240319164210.0
007 - CAMPO FIJO DE DESCRIPCIÓN FÍSICA--INFORMACIÓN GENERAL
campo de control de longitud fija t|
008 - DATOS DE LONGITUD FIJA--INFORMACIÓN GENERAL
campo de control de longitud fija 980407s1981 sp ||||1| spa d
080 ## - NÚMERO DE LA CLASIFICACIÓN DECIMAL UNIVERSAL
Número de la Clasificación Decimal Universal 75 Houasse, Miguel Angel (064.3)
100 1# - ENTRADA PRINCIPAL--NOMBRE DE PERSONA
Nombre de persona Houasse, Miguel Angel.
9 (RLIN) 64314
245 10 - MENCIÓN DEL TÍTULO
Título Miguel-Angel Houasse, 1680-1730, pintor de la Corte de Felipe V
Resto del título : [exposición], Museo Municipal, noviembre-diciembre 1981.
260 ## - PUBLICACIÓN, DISTRIBUCIÓN, ETC.
Lugar de publicación, distribución, etc. Madrid :
Nombre del editor, distribuidor, etc. Ayuntamiento de Madrid, Delegación de Cultura,
Fecha de publicación, distribución, etc. D.L. 1981.
300 ## - DESCRIPCIÓN FÍSICA
Extensión 249 p. :
Otras características físicas il. ;
Dimensiones 24 cm.
600 14 - PUNTO DE ACCESO ADICIONAL DE MATERIA--NOMBRE DE PERSONA
Nombre de persona Houasse, Miguel Angel-
Subdivisión de forma Exposiciones.
9 (RLIN) 64315
710 2# - ENTRADA AGREGADA--NOMBRE DE ENTIDAD CORPORATIVA
Nombre de entidad corporativa o nombre de jurisdicción como elemento de entrada Museo Municipal de Madrid
9 (RLIN) 5892
852 ## - LOCALIZACIÓN
Ubicación ES-MaACL
Número de control de estantería L-20864
Sublocalización o colección R.126536
Holdings
Estatus retirado Estado de pérdida Estado de daño No para préstamo Biblioteca de origen Biblioteca actual Ubicación en estantería Fecha de adquisición Fuente de adquisición Total de préstamos Signatura topográfica completa Código de barras Visto por última vez Precio de reemplazo Tipo de ítem Koha
        Biblioteca del Ateneo de Madrid Biblioteca del Ateneo de Madrid Depósito 2 17/01/2008     L-20864 1013693 23/02/2023 23/02/2023 Libro impreso